000 00745nam a2200229 a 4500
001 BRCA_3852
005 20190320204441.0
008 161209s1951----mx-a######---#000-0#spa-#
041 _aspa
044 _amx
050 4 _aF1386
_b.S21 1951
100 1 _aSánchez-Navarro y Peon, Carlos
_910030
245 1 0 _aMemorias de un viejo palacio (La casa del Banco Nacional de México)
_cby Carlos Sánchez-Navarro y Peon.
260 _aMéxico
_bCia. Impresora y Litografía Nacional
_c1951
300 _a316 p.
_bil., retratos
_c24 cm.
500 _aB162
610 2 4 _aBanco Nacional de México
_93603
651 4 _aMéxico (Ciudad)
_vCasas históricas
_910031
651 4 _aMéxico (Ciudad)
_vDescripción
_910032
902 _aGFM
942 _2lcc
_cB
999 _c3580
_d3580